Word Ladder: Steven Spielberg Quiz Stats

 Plays Quiz Updated Jan 4, 2013

Support Sporcle.
Go Orange.
Score 0/17 Timer 01:30
4 Plays Today
Clue 4-Letter Word % Correct
★ 1993 Spielberg film: Jurassic ____•PARK•
98.1%
★ 1981 Spielberg film: Raiders of the ____ Ark ★LOST
95.1%
★ 1993 Spielberg film: Schindler's ____•LIST•
94.4%
Bacon or ham, e.g.PORK
93.7%
Owl noiseHOOT
93.5%
Prepare food with heatCOOK
90.4%
Manager of a partyHOST
90.1%
Cotton pieces in your belly buttonLINT
89%
★ 1977 Spielberg film:
Close Encounters of the Third ____
•KIND•
86.7%
Clue 4-Letter Word % Correct
Second largest Irish cityCORK
85.2%
Clue, indication, tipHINT
84.6%
★ 1991 Spielberg film ★•HOOK•
81.3%
Back, rear, posteriorHIND
81.1%
Glass containersJARS
80.4%
★ 1975 Spielberg film ★•JAWS•
75.8%
Colorado's state bird: ____ buntingLARK
71.6%
Metallica drummer UlrichLARS
71%

Today's Daily Dose

You're not logged in!

Compare scores with friends on all Sporcle quizzes.
OR
Log In

From the Vault

NBA Team by Championship Years

by Hejman

When you realize that two teams have a combined 33 championships, you start to feel bad for the 12 NBA teams with none.
Remove Ads.
Support Sporcle.
Get the best of Sporcle when you Go Orange. This ad-free experience offers more features, more stats, and more fun while also helping to support Sporcle. Thank you for becoming a member.

Show Comments

Extras

Top Quizzes Today


Score Distribution

Your Account Isn't Verified!

In order to create a playlist on Sporcle, you need to verify the email address you used during registration. Go to your Sporcle Settings to finish the process.

Report this User

Report this user for behavior that violates our Community Guidelines.

Details: